Vývoj univerzít v Európe od Bolonskej univerzity po Bolonský proce (komparácia selektovaných aspektov)

Definícia Bolonského procesu. Vznik a právne postavenie univerzít. Vnútorná štruktúra univerzít a hospodárstvo. Štúdium na univerzitách a uznávanie akademických titulov. Mobilita a medzinárodný rozmer univerzít. Vedecká činnosť univerzity.

Guardado en:
Detalles Bibliográficos
Autor principal: Čikešová, Mária
Formato: Capítulo de libro
Lenguaje:eslovaco
Materias:
Etiquetas: Agregar Etiqueta
Sin Etiquetas, Sea el primero en etiquetar este registro!

MARC

LEADER 00000naa a2200000 4500
001 0229789
005 20220714120546.5
041 0 |a slo 
044 |a CZ 
245 1 0 |a Vývoj univerzít v Európe od Bolonskej univerzity po Bolonský proce  |b (komparácia selektovaných aspektov)  |c Mária Čikešová 
520 |a Definícia Bolonského procesu. Vznik a právne postavenie univerzít. Vnútorná štruktúra univerzít a hospodárstvo. Štúdium na univerzitách a uznávanie akademických titulov. Mobilita a medzinárodný rozmer univerzít. Vedecká činnosť univerzity. 
610 2 0 |a univerzity 
610 2 0 |a história 
610 2 0 |a Európska únia 
610 2 0 |a konkurencia 
610 2 0 |a analýza komparatívna 
610 2 0 |a spolupráca medzinárodná 
100 1 |a Čikešová, Mária